000 00400nam a22001577a 4500
003 OSt
008 231114b |||||||| |||| 00| 0 eng d
041 _aeng
082 _a954.03
_bPHI
100 _aPhilps, CH
_95602
245 _aEvolution of India and Pakistan 1858 to 1947
_bSelect Documents
250 _aReprint
260 _a1962:
_bCurrent Books,
_c1962.
300 _a786pages.
942 _cBK
999 _c17813
_d17813